Religions in India - Statistics

General Stats
  • This quiz has been taken 108 times
  • The average score is 7 of 15
Answer Stats
Population Answer % Correct
172 200 000 Islam
99%
8 400 000 Buddhism
97%
966 300 000 Hinduism
97%
27 800 000 Christianity
92%
20 800 000 Sikhism
85%
4 451 753 Jainism
70%
5 000 Judaism
70%
61 000 Zoroastrianism
51%
406,000 Baháʼí Faith
44%
200 (400 000 in China) Bon
10%
7 841 870 Sarnaism
10%
??? (807 169 in Nepal) Kiratism
6%
331 000 Donyi-Poloism
4%
1 000 000 Koyapunem
4%
223 000 Khasi
2%
No matching quizzes found
Score Distribution
Percent of People with Each Score
Percentile by Number Answered
Your Score History
You have not taken this quiz